| 000 | 01029nam a22003137a 4500 | ||
|---|---|---|---|
| 999 |
_c200453738 _d71950 |
||
| 001 | 200453738 | ||
| 003 | TR-AnTOB | ||
| 005 | 20241119095354.0 | ||
| 007 | ta | ||
| 008 | 230801s2022 tu a|||j |||| 00| j tur d | ||
| 020 | _a9786057146724 | ||
| 040 |
_aTR-AnTOB _beng _erda _cTR-AnTOB |
||
| 041 | 0 | _atur | |
| 092 |
_a808.068 _bKIRd 2022 |
||
| 100 | 1 |
_aKıraç, İnci Bakan _eauthor _9142651 |
|
| 245 | 1 | 0 |
_aDünya'nın uydusu ay kime uydu? / _cİnci Bakan Kıraç ; Resimleyen: Aslıhan Özlem Olcay. |
| 264 |
_aİstanbul : _bBora Yayıncılık, _c2022. |
||
| 300 |
_a16 pages : _billustrations ; _c27 cm. |
||
| 336 |
_2rdacontent _atext _btxt |
||
| 337 |
_2rdamedia _aunmediated _bn |
||
| 338 |
_2rdacarrier _avolume _bnc |
||
| 490 | 0 | _aÇocuk Kitapları Serisi. | |
| 500 | _aKarekod eklentili sesli kitap özelliği vardır. | ||
| 653 |
_aÇocuk edebiyatı _aÇocuk hikayeleri _aGökyüzü _aAy |
||
| 700 | 1 |
_aOlcay, Aslıhan Özlem _9142652 |
|
| 942 |
_2ddc _cBK |
||